Un modelo sociológico para investigar las relaciones afectivosexuales /
El artículo tiene por objetivo investigar las relaciones afectivosexuales desde una perspectiva feminista y sociológica; la estrategia es dotar al tema de fundamentación socioestructural a partir de materiales pedagógicos sobre la educación afectivosexual y una teoría social feminista ampliamente de...
محفوظ في:
| المؤلف الرئيسي: | |
|---|---|
| التنسيق: | نص |
| الموضوعات: | |
| الوسوم: |
إضافة وسم
لا توجد وسوم, كن أول من يضع وسما على هذه التسجيلة!
|
MARC
| LEADER | 00000 a a2200000 04500 | ||
|---|---|---|---|
| 001 | 43506 | ||
| 003 | |||
| 040 | |||
| 100 | |a Venegas, Mar | ||
| 245 | |a Un modelo sociológico para investigar las relaciones afectivosexuales / |c Mar Venegas | ||
| 500 | |a mariter@ugr.es | ||
| 520 | |a El artículo tiene por objetivo investigar las relaciones afectivosexuales desde una perspectiva feminista y sociológica; la estrategia es dotar al tema de fundamentación socioestructural a partir de materiales pedagógicos sobre la educación afectivosexual y una teoría social feminista ampliamente desarrollada, que permitan diseñar un modelo sociológico. | ||
| 590 | |a SJB/JULIO2012 | ||
| 650 | |a 1.TEORIA SOCIOLOGICA | ||
| 650 | |a 2.FEMINISMO | ||
| 650 | |a 3.GENERO | ||
| 650 | |a 4.SEXUALIDAD | ||
| 650 | |a 5.AFECTIVIDAD | ||
| 650 | |a 6.AMOR | ||
| 650 | |a 7.CUERPO HUMANO | ||
| 650 | |a 8.EDUCACION SEXUAL | ||
| 773 | |g volumen73, número4 ( , 2011), páginas 559-589 | ||
| 999 | |c 27978 |d 27978 | ||
